Guess all the movies nominated at the Oscars (2010-2020) - Statistiques

Statistiques générales
  • Ce quiz a été pris 32 fois
  • Le résultat moyen est 19 sur 97
Statistiques - réponses
an Director Réponse % Correct
James Cameron Avatar
75%
2020 Bong Joon-ho Parasite
71%
Damien Chazelle La la land
64%
Quentin Tarantino Once upon a time... in Hollywood
61%
Christopher Nolan Inception
57%
Wes Anderson The grand budapest hotel
54%
Jordan Peele Get out
50%
Damien Chazelle Whiplash
50%
Quentin Tarantino Django Unchained
46%
Todd Philips Joker
43%
2012 Michel Hazanavicius The artist
39%
Alejandro González Iñárritu The revenant
39%
2018 Guillermo Del Toro The shape of water
39%
George Miller Mad max : fury road
36%
2017 Barry Jenkins Moonlight
36%
Martin Scorsese The irishman
36%
Martin Scorsese The wolf of Wall street
36%
Bradley Cooper A star is born
32%
2015 Alejandro González Iñárritu Birdman
32%
Quentin Tarantino Inglorious Basterds
32%
Spike Jonze Her
29%
Alfonso Cuarón Roma
29%
2013 Ben Affleck Argo
25%
Denis Villeneuve Arrival
25%
Luca Guadagnino Call me by your name
25%
2019 Peter Farrelly Green book
25%
Paul Thomas Anderson Phantom thread
25%
2010 Kathryn Bigelow The hurt locker
25%
David Fincher The social network
25%
Sam Mendes 1917
21%
Spike Lee BlacKkKlansman
21%
Darren Aronofsky Black swan
21%
Alfonso Cuaron Gravity
21%
Greta Gerwig Little women
21%
Kenneth Lonergan Manchester by the sea
21%
Ridley Scott The Martian
21%
Terence Malik The tree of life
21%
Ryan Coogler Black panther
18%
Taika Waititi Jojo Rabbit
18%
Greta Gerwig Lady bird
18%
Steven Spielberg Lincoln
18%
Noah Baumbach Marriage story
18%
2016 Tom McCarthy Spotlight
18%
2014 Steve Mcqueen Twelve years a slave
18%
Clint Eastwood American sniper
14%
Michael Haneke Amour
14%
Bryan Singer Bohemian rhapsody
14%
Richard Linklater Boyhood
14%
Neil Blomkamp District 9
14%
Mel Gibson Hacksaw Ridge
14%
Martin Scorsese Hugo
14%
Yórgos Lánthimos The Favourite
14%
Martin McDonagh Three Billboards
14%
Lee Unkrich Toy story 3
14%
Joel and Ethan Coen True grit
14%
Peter Docter/Bob Peterson Up
14%
Adam Mckay Vice
14%
Steven Spielberg Bridge of spies
11%
Denzel Washington Fences
11%
Ang Lee Life of Pi
11%
Woody Allen Midnight in Paris
11%
Lee Daniels Precious
11%
Adam Mckay The big short
11%
Morten Tyldum The imitation game
11%
2011 Tom Hooper The king's speech
11%
Danny Boyle 127 hours
7%
David O.Russell American Hustle
7%
John Crowley Brooklyn
7%
Paul Greengrass Captain Phillips
7%
Ron Woodroof Dallas buyers club
7%
Joe Wright Darkest hour
7%
David O.Russell Fighter
7%
Garth Davis Lion
7%
Steven Spielberg Pentagon papers
7%
Lenny Abrahamson Room
7%
Ava DuVernay Selma
7%
David O.Russell Silver Linings Playbook
7%
John Lee Hancock The blind side
7%
Alexander Payne The descendants
7%
Tate Taylor The help
7%
Jason Reitman Up in the air
7%
Steven Spielberg War horse
7%
Kathryn Bigelow Zero dark thirty
7%
Benh Zeitlin Beasts of the southern wild
4%
James Mangold Ford v. Ferrari
4%
Theodore Melfi Hidden figures
4%
Tom Hooper Les misérables
4%
Bennett Miller Moneyball
4%
Alexander Payne Nebraska
4%
Stephen Frears Philomena
4%
James Marsh The theory of everything
4%
Debra Granik Winter's bone
4%
Lone Scherfig An education
0%
Joel and Ethan Coen A serious man
0%
David Mackenzie Comancheria
0%
Stephen Daldry Extremely Loud and Incredibly Close
0%
Lisa Cholodenko The kids are all right
0%
Aucun quiz correspondant
Distribution des résultats
% des personnes avec chaque résultat
Percentile par nombre de réponses
Votre historique - résultats
Vous n’avez pas pris ce quiz